000 00320nam a2200157Ia 4500
100 _aSpencer/ W.P
650 _aGeneral
942 _cRB
654 _aDictonary
245 _aDictonary Of Computers
260 _bCBS Pub.
_aDelhi
_c1986
082 _a621.3
_bSpe
300 _a393
546 _aENGLISH
999 _c18651
_d18651